[Event "Livorno op 7th"]
[Site "Livorno"]
[Date "2011.07.03"]
[Round "5"]
[White "Nelli, Marcello"]
[Black "Vicari, Luigi"]
[Result "1-0"]
[WhiteElo "1794"]
[BlackElo "1956"]
[PlyCount "33"]
[EventDate "2011.07.01"]
[EventType "swiss"]
[EventRounds "5"]
[EventCountry "ITA"]
[SourceTitle "EXT 2014"]
[Source "ChessBase"]
[SourceDate "2013.11.20"]
[SourceVersion "1"]
[SourceVersionDate "2013.11.20"]
[SourceQuality "1"]

1. e4 e5 2. Nf3 Nc6 3. Bc4 Bc5 4. d4 Bxd4 5. Nxd4 Nxd4 6. 0-0 Nf6 7. Nc3 d6 8. Bg5 Be6 9. Bxe6 fxe6 10. f4 Nc6 11. f5 Qd7 12. Bxf6 gxf6 13. fxe6 Qg7 14. Nd5 Nd4 15. Rxf6 Rf8 16. Qh5+ Kd8 17. Rxf8+ 1-0

[Event "Mirandola Giovanni Pico op 2nd"]
[Site "Mirandola"]
[Date "2009.01.11"]
[Round "5"]
[White "Vicari, Luigi"]
[Black "Salvioli, Alessandro"]
[Result "0-1"]
[WhiteElo "2000"]
[BlackElo "1875"]
[PlyCount "97"]
[EventDate "2009.01.09"]
[EventType "swiss"]
[EventRounds "5"]
[EventCountry "ITA"]
[SourceTitle "EXT 2011"]
[Source "ChessBase"]
[SourceDate "2010.11.26"]
[SourceVersion "1"]
[SourceVersionDate "2010.11.26"]
[SourceQuality "1"]

1. d4 Nf6 2. Nf3 g6 3. c4 Bg7 4. g3 d6 5. Bg2 0-0 6. 0-0 Nbd7 7. Nc3 c5 8. h3 a6 9. Be3 Qc7 10. Qd2 Rb8 11. Rac1 cxd4 12. Nxd4 Ne5 13. b3 Bd7 14. Nd5 Qd8 15. Rfd1 Rc8 16. Bh6 Nxd5 17. Bxg7 Kxg7 18. cxd5 f6 19. f4 Nf7 20. Rxc8 Bxc8 21. Rc1 Bd7 22. Kf1 Qb6 23. Ne6+ Bxe6 24. dxe6 Nd8 25. Bd5 Nc6 26. Rc4 Rc8 27. Qc3 Qb5 28. Qf3 Qb6 29. Qe4 Qb5 30. h4 Qb6 31. h5 Qb5 32. Qh1 Qb6 33. h6+ Kh8 34. Qe4 Rc7 35. Qd3 Nb4 36. Rxc7 Qxc7 37. Qc4 Qxc4 38. Bxc4 Nxa2 39. Bd5 b5 40. Ke1 a5 41. Kd2 Nb4 42. Bf3 Kg8 43. g4 Kf8 44. Kc3 Na6 45. Bc6 Nc7 46. f5 Kg8 47. Kd4 Kf8 48. e3 Kg8 49. Bd5 0-1

[Event "Mirandola Giovanni Pico op 2nd"]
[Site "Mirandola"]
[Date "2009.01.10"]
[Round "2"]
[White "Vezzosi, Paolo"]
[Black "Vicari, Luigi"]
[Result "1-0"]
[WhiteElo "2374"]
[BlackElo "2000"]
[PlyCount "67"]
[EventDate "2009.01.09"]
[EventType "swiss"]
[EventRounds "5"]
[EventCountry "ITA"]
[SourceTitle "EXT 2011"]
[Source "ChessBase"]
[SourceDate "2010.11.26"]
[SourceVersion "1"]
[SourceVersionDate "2010.11.26"]
[SourceQuality "1"]

1. d4 d5 2. c4 e6 3. Nc3 Nf6 4. Bg5 c6 5. e3 Nbd7 6. cxd5 exd5 7. Bd3 Be7 8. Nge2 Ne4 9. Bxe7 Qxe7 10. Bxe4 dxe4 11. Ng3 0-0 12. Ngxe4 f5 13. Nd2 Nf6 14. 0-0 Be6 15. Nf3 Nd7 16. d5 cxd5 17. Nxd5 Bxd5 18. Qxd5+ Qf7 19. Qxb7 Rfb8 20. Qc6 Rc8 21. Qd6 Nb6 22. b3 Rd8 23. Qe5 Rd5 24. Qf4 Qe7 25. Rfc1 Rad8 26. h4 Rc5 27. Nd4 Nd5 28. Qg5 Qxg5 29. hxg5 Nc3 30. Rc2 Rdc8 31. f4 Ra8 32. Nxf5 Rxf5 33. Rxc3 Rd5 34. Rf1 1-0

[Event "Emilia Romagna Province-ch"]
[Site "Formigine"]
[Date "2007.04.28"]
[Round "1"]
[White "Vicari, Luigi"]
[Black "Gigli, Claudio"]
[Result "1-0"]
[WhiteElo "2019"]
[BlackElo "1686"]
[PlyCount "33"]
[EventDate "2007.04.28"]
[EventType "swiss"]
[EventRounds "6"]
[EventCountry "ITA"]
[SourceTitle "EXT 2009"]
[Source "ChessBase"]
[SourceDate "2008.11.26"]
[SourceVersion "1"]
[SourceVersionDate "2008.11.26"]
[SourceQuality "1"]

1. d4 Nf6 2. Nf3 g6 3. c4 c5 4. g3 Bg7 5. Bg2 0-0 6. 0-0 d6 7. dxc5 dxc5 8. Ne5 Qc7 9. Nd3 e5 10. Nc3 Bd7 11. Be3 Na6 12. Na4 Bxa4 13. Qxa4 Rad8 14. Qb5 Nd7 15. Qxb7 Qxb7 16. Bxb7 Nc7 17. Nxc5 1-0

[Event "Genova Primavera op 10th"]
[Site "Genova"]
[Date "2007.03.25"]
[Round "5"]
[White "Melling, Jonathon"]
[Black "Vicari, Luigi"]
[Result "0-1"]
[WhiteElo "1545"]
[BlackElo "2044"]
[PlyCount "120"]
[EventDate "2007.03.23"]
[EventType "swiss"]
[EventRounds "5"]
[EventCountry "ITA"]
[SourceTitle "EXT 2008"]
[Source "ChessBase"]
[SourceDate "2007.11.25"]
[SourceVersion "1"]
[SourceVersionDate "2007.11.25"]
[SourceQuality "1"]

1. e4 c5 2. Nf3 d6 3. Nc3 Nf6 4. d4 cxd4 5. Nxd4 g6 6. Be2 Bg7 7. Be3 0-0 8. Qd2 Nc6 9. Nxc6 bxc6 10. Bh6 Qb6 11. Bxg7 Kxg7 12. b3 a5 13. Na4 Qb4 14. Qxb4 axb4 15. Bd3 Bd7 16. a3 bxa3 17. Rxa3 Ra7 18. Ke2 Rfa8 19. Rha1 c5 20. f3 Bc6 21. R3a2 d5 22. Nc3 Rxa2 23. Rxa2 Rxa2 24. Nxa2 dxe4 25. fxe4 Nxe4 26. b4 cxb4 27. Nxb4 Bb7 28. g3 Kf6 29. Ke3 Ke5 30. Bc4 f6 31. Bg8 h6 32. Bh7 Kf5 33. Nd3 e5 34. Bg8 Nc3 35. Nc5 Nd5+ 36. Kf2 Bc6 37. h4 e4 38. c4 Nc7 39. Nb3 Ke5 40. Ke3 f5 41. Nd4 Bd7 42. Ne2 g5 43. hxg5 hxg5 44. Bf7 Be6 45. Bh5 Bxc4 46. Ng1 f4+ 47. gxf4+ gxf4+ 48. Kd2 Be6 49. Bd1 Nb5 50. Ne2 Nd4 51. Nc3 Bc4 52. Bg4 e3+ 53. Ke1 f3 54. Bxf3 Nxf3+ 55. Kd1 Kd4 56. Kc2 Ne1+ 57. Kb2 Nd3+ 58. Kc2 Nb4+ 59. Kb2 Kd3 60. Nd1 e2 0-1

[Event "Genova Primavera op 10th"]
[Site "Genova"]
[Date "2007.03.24"]
[Round "3"]
[White "Zunino, Davide"]
[Black "Vicari, Luigi"]
[Result "1-0"]
[WhiteElo "1917"]
[BlackElo "2044"]
[PlyCount "47"]
[EventDate "2007.03.23"]
[EventType "swiss"]
[EventRounds "5"]
[EventCountry "ITA"]
[SourceTitle "EXT 2008"]
[Source "ChessBase"]
[SourceDate "2007.11.25"]
[SourceVersion "1"]
[SourceVersionDate "2007.11.25"]
[SourceQuality "1"]

1. d4 Nf6 2. Bf4 g6 3. e3 Bg7 4. Nf3 d6 5. Be2 Nbd7 6. 0-0 0-0 7. h3 c6 8. c4 Re8 9. Nc3 e5 10. dxe5 dxe5 11. Nxe5 Qb6 12. Nd3 Qa6 13. c5 Ne4 14. Nxe4 Rxe4 15. Ne5 Qa5 16. Nxd7 Bxd7 17. Qxd7 Rxf4 18. exf4 Rd8 19. Qxb7 Qd2 20. Rad1 Qa5 21. Rxd8+ Qxd8 22. Bc4 Bd4 23. Qxf7+ Kh8 24. h4 1-0

[Event "Ravenna op"]
[Site "Ravenna"]
[Date "2005.10.16"]
[Round "4"]
[White "Vicari, Luigi"]
[Black "Fontanari, Maurizio"]
[Result "1/2-1/2"]
[WhiteElo "2062"]
[BlackElo "2057"]
[PlyCount "25"]
[EventDate "2005.10.14"]
[EventType "swiss"]
[EventRounds "5"]
[EventCountry "ITA"]
[SourceTitle "EXT 2007"]
[Source "ChessBase"]
[SourceDate "2006.11.23"]
[SourceVersion "1"]
[SourceVersionDate "2006.11.23"]
[SourceQuality "1"]

1. d4 Nf6 2. Nf3 g6 3. g3 Bg7 4. Bg2 0-0 5. c4 d6 6. 0-0 c5 7. dxc5 dxc5 8. Qb3 Nc6 9. Rd1 Qc7 10. Nc3 Bd7 11. Be3 Na5 12. Qa3 Nxc4 13. Qxc5 1/2-1/2

[Event "Ravenna op"]
[Site "Ravenna"]
[Date "2005.10.15"]
[Round "3"]
[White "Vicari, Luigi"]
[Black "Carrara, Salvatore"]
[Result "1-0"]
[WhiteElo "2062"]
[BlackElo "1821"]
[PlyCount "85"]
[EventDate "2005.10.14"]
[EventType "swiss"]
[EventRounds "5"]
[EventCountry "ITA"]
[SourceTitle "EXT 2007"]
[Source "ChessBase"]
[SourceDate "2006.11.23"]
[SourceVersion "1"]
[SourceVersionDate "2006.11.23"]
[SourceQuality "1"]

1. d4 c5 2. dxc5 Qa5+ 3. Nc3 Qxc5 4. Nf3 Nf6 5. e4 d6 6. Qd4 Qxd4 7. Nxd4 g6 8. Bg5 Bg7 9. Ndb5 Na6 10. Bxf6 Bxf6 11. Nd5 Kf8 12. Nxf6 exf6 13. Nxd6 Nb4 14. Bd3 Be6 15. Ke2 b6 16. a3 Nc6 17. Rac1 a6 18. Nc4 Rb8 19. Rhd1 Kg7 20. Nd2 b5 21. Ke3 Rhd8 22. Nf3 Rbc8 23. Be2 Bg4 24. h3 Bxf3 25. gxf3 Ne5 26. Rxd8 Rxd8 27. b3 Nc6 28. Rd1 Rxd1 29. Bxd1 Kf8 30. Be2 Ke7 31. c4 bxc4 32. Bxc4 a5 33. Bd5 Na7 34. b4 a4 35. Bc4 Kd6 36. Bxf7 Nb5 37. Be8 Nxa3 38. Bxa4 Nc4+ 39. Kf4 Ne5 40. Bb5 Ke6 41. Kg3 h6 42. f4 Nf7 43. Bc4+ 1-0

[Event "Lodi op 1st"]
[Site "Lodi"]
[Date "2005.06.12"]
[Round "5"]
[White "Lucchese, Paolo"]
[Black "Vicari, Luigi"]
[Result "1-0"]
[WhiteElo "2014"]
[BlackElo "2072"]
[PlyCount "45"]
[EventDate "2005.06.10"]
[EventType "swiss"]
[EventRounds "5"]
[EventCountry "ITA"]
[SourceTitle "EXT 2007"]
[Source "ChessBase"]
[SourceDate "2006.11.23"]
[SourceVersion "1"]
[SourceVersionDate "2006.11.23"]
[SourceQuality "1"]

1. e4 c5 2. Nf3 d6 3. d4 cxd4 4. Nxd4 Nf6 5. Nc3 g6 6. Bc4 Bg7 7. Be3 0-0 8. f3 Nc6 9. Qd2 Bd7 10. 0-0-0 Qa5 11. Bb3 Rfc8 12. h4 Ne5 13. h5 Rxc3 14. bxc3 Nxh5 15. Rxh5 gxh5 16. Bh6 Bxh6 17. Qxh6 Ng6 18. Kb1 Rc8 19. Ne2 Be6 20. f4 Bc4 21. f5 Ne5 22. Rxd6 exd6 23. f6 1-0

[Event "Cesenatico op 3rd"]
[Site "Cesenatico"]
[Date "1998.??.??"]
[Round "8"]
[White "Giovanardi, Rino"]
[Black "Vicari, Luigi"]
[Result "1-0"]
[WhiteElo "2015"]
[BlackElo "2090"]
[PlyCount "117"]
[EventDate "1998.??.??"]
[EventType "swiss"]
[EventRounds "9"]
[EventCountry "ITA"]
[SourceTitle "EXT 2000"]
[Source "ChessBase"]
[SourceDate "1999.11.16"]
[SourceVersion "1"]
[SourceVersionDate "1999.11.16"]
[SourceQuality "1"]

1. e4 e5 2. Nf3 d6 3. d4 exd4 4. Nxd4 Nf6 5. Bd3 Be7 6. 0-0 0-0 7. Nc3 Nbd7 8. b3 Nc5 9. Bb2 Re8 10. Qd2 Nxd3 11. cxd3 c5 12. Nc2 a6 13. Ne3 Be6 14. Rad1 Qc7 15. d4 Rad8 16. f4 b5 17. f5 Bc8 18. Ned5 Qb7 19. dxc5 dxc5 20. Qf4 b4 21. Nxe7+ Qxe7 22. Nd5 Nxd5 23. exd5 Qe3+ 24. Qxe3 Rxe3 25. f6 gxf6 26. Bxf6 Rd6 27. Rd2 Bb7 28. Rf5 h6 29. Bh4 Bc8 30. Rf1 Re4 31. Bg3 Rd8 32. Rc1 Rd4 33. Rxd4 cxd4 34. d6 Bf5 35. Rc4 d3 36. Rxb4 Rc8 37. Rd4 Kf8 38. Bf4 h5 39. Bg5 Ke8 40. Rd5 Rc2 41. a4 f6 42. Bf4 Rxg2+ 43. Kf1 Rb2 44. Rxf5 Rxb3 45. Ke1 Rb4 46. a5 Ra4 47. Kd2 Ra3 48. Rxh5 Ra4 49. Bg3 Rd4 50. Rh8+ Kd7 51. Ra8 f5 52. Rxa6 f4 53. Bf2 Rd5 54. Ra8 Rh5 55. Kxd3 Kxd6 56. a6 Rh3+ 57. Ke4 Rh4 58. Kf3 Rh3+ 59. Kxf4 1-0

[Event "Cesenatico op 3rd"]
[Site "Cesenatico"]
[Date "1998.??.??"]
[Round "7"]
[White "Vicari, Luigi"]
[Black "Trumpf, Walter"]
[Result "1-0"]
[WhiteElo "2090"]
[BlackElo "2150"]
[PlyCount "68"]
[EventDate "1998.??.??"]
[EventType "swiss"]
[EventRounds "9"]
[EventCountry "ITA"]
[SourceTitle "EXT 2000"]
[Source "ChessBase"]
[SourceDate "1999.11.16"]
[SourceVersion "1"]
[SourceVersionDate "1999.11.16"]
[SourceQuality "1"]

1. e4 g6 2. Nc3 Bg7 3. Nf3 d6 4. d4 Nf6 5. Be2 0-0 6. 0-0 Nbd7 7. Bg5 c5 8. h3 a6 9. e5 cxd4 10. exf6 exf6 11. Qxd4 fxg5 12. Qxd6 Qa5 13. Nd5 Nf6 14. Nxf6+ Kh8 15. b4 Qf5 16. Ng4 Qxc2 17. Bd3 Qa4 18. Rad1 Bxg4 19. hxg4 Rfd8 20. Qc5 Rac8 21. Qxg5 Qxb4 22. Qd2 Qxg4 23. Qa5 Rf8 24. Qb6 Rb8 25. Bc2 h5 26. Rfe1 Qc4 27. Bb3 Qc3 28. Rc1 Qb2 29. Rc2 Qa3 30. Ne5 Kh7 31. Nc4 Rfe8 32. Rxe8 Rxe8 33. Nxa3 Re1+ 34. Kh2 Be5+ 1-0

[Event "Corsico op"]
[Site "Corsico"]
[Date "1997.??.??"]
[Round "3"]
[White "Zoldan, Matteo"]
[Black "Vicari, Luigi"]
[Result "1/2-1/2"]
[WhiteElo "2155"]
[BlackElo "2085"]
[PlyCount "38"]
[EventDate "1997.??.??"]
[EventType "swiss"]
[EventRounds "7"]
[EventCountry "ITA"]
[SourceTitle "EXT 1998"]
[Source "ChessBase"]
[SourceDate "1997.11.17"]
[SourceVersion "1"]
[SourceVersionDate "1997.11.17"]
[SourceQuality "1"]

1. e4 e5 2. Nc3 d6 3. Bc4 Be7 4. d3 Nc6 5. f4 exf4 6. Bxf4 Nf6 7. Nf3 Bg4 8. h3 Bxf3 9. Qxf3 Na5 10. Bb3 Nxb3 11. axb3 Nd7 12. 0-0 0-0 13. Nd5 Nb6 14. Nxe7+ Qxe7 15. Qg3 Nd7 16. Ra5 f6 17. Re1 Ne5 18. Raa1 Ng6 19. Ra5 Ne5 1/2-1/2